Biomass energy systems : (Record no. 128258)

MARC details
000 -LEADER
fixed length control field 00802nam a22002297a 4500
005 - DATE AND TIME OF LATEST TRANSACTION
control field 20170124110037.0
010 ## - LIBRARY OF CONGRESS CONTROL NUMBER
LC control number A-897966
020 ## - INTERNATIONAL STANDARD BOOK NUMBER
Terms of availability 750.00
International Standard Book Number 8185419256
035 ## - SYSTEM CONTROL NUMBER
System control number A-897966
037 ## - SOURCE OF ACQUISITION
Source of stock number/acquisition Cen Lib/Ret
040 ## - CATALOGING SOURCE
Original cataloging agency DPL
Language of cataloging EN
082 ## - DEWEY DECIMAL CLASSIFICATION NUMBER
Classification number 333.95
Item number BIO
245 ## - TITLE STATEMENT
Title Biomass energy systems :
Statement of responsibility, etc edited by Venkata Ramana P [and] Srinivas S N
Remainder of title proceedings of the international conference 26-27 February 1996 New Delhi /
260 ## - PUBLICATION, DISTRIBUTION, ETC. (IMPRINT)
Place of publication, distribution, etc New Delhi
Name of publisher, distributor, etc Tata Energy Research Institute
Date of publication, distribution, etc 1997
270 ## - ADDRESS
City New Delhi
Address Darbari Seth Block, Habitat Place, Lodhi Road
Postal code 110003
300 ## - PHYSICAL DESCRIPTION
Extent xv,478p. :
Dimensions 24cm(Hb)
Other physical details ill.
650 ## - SUBJECT ADDED ENTRY--TOPICAL TERM
Topical term or geographic name as entry element Biomass.
9 (RLIN) 22864
650 ## - SUBJECT ADDED ENTRY--TOPICAL TERM
Topical term or geographic name as entry element Biogas.
9 (RLIN) 12026
700 ## - ADDED ENTRY--PERSONAL NAME
Personal name Ramana P, Venkata
9 (RLIN) 22849
700 ## - ADDED ENTRY--PERSONAL NAME
Personal name Srinivas S N
9 (RLIN) 22850
942 ## - ADDED ENTRY ELEMENTS (KOHA)
Source of classification or shelving scheme Dewey Decimal Classification
Koha item type English Books
Classification part 333.95
Call number suffix BIO
Holdings
Withdrawn status Lost status Damaged status Not for loan Home library Current library Date acquired Source of acquisition Cost, normal purchase price Total Checkouts Full call number Barcode Date last seen Copy number Cost, replacement price Price effective from Koha item type Public note
Written off       Central Library Central Library 02/07/2015 Cen Lib/Ret 750.00   333.95 BIO A-897966 02/07/2015 1 750.00 15/09/2016 English Books W/d list no. 6820/22

© Delhi Public Library
Hit Counter
free hit counter